People Who Have Been to Cuba - Statistics

General Stats
  • This quiz has been taken 82 times
  • The average score is 11 of 22
Answer Stats
Category Hint Answer % Correct
Pope Visited in 1998 John Paul II
86%
Politician UK WWII PM Winston Churchill
86%
Politician Last leader of USSR Mikhail Gorbachev
74%
Actor Scissorhands Johnny Depp
72%
Director Jaws Steven Spielberg
72%
Musician He did it "his wayyyy" Frank Sinatra
68%
Actor Dancer with Wolves Kevin Costner
63%
President Peanut farmer Jimmy Carter
61%
Pope Visited in 2012 Benedict XVI
57%
Band Rivals of 'N Sync Backstreet Boys
51%
Athlete Floats like a butterfly Muhammad Ali
51%
Author Sun Also Rises Ernest Hemingway
42%
Director Godfather Francis Ford Coppola
42%
Scientist Penicillin discoverer Alexander Fleming
36%
Actor He yelled "Stella! Hey, Stella!" Marlon Brando
36%
Actor Sundance Kid Robert Redford
32%
Model "Heroin chic" Kate Moss
28%
Actor Silent movie comic, not Chaplin Buster Keaton
24%
Athlete 755 home runs Hank Aaron
24%
President Noted for silence Calvin Coolidge
22%
Actor 1920s swashbuckler Errol Flynn
22%
Musician Cheeseburger in Paradise Jimmy Buffett
18%
No matching quizzes found
Score Distribution
Percent of People with Each Score
Percentile by Number Answered
Your Score History
You have not taken this quiz